000 00980nam a22002897a 4500
999 _c64984
_d64984
005 20240530110801.0
008 190211s2018 ua a g b 000 0 ara d
017 _a2018/3670
_bمصر. دار الكتب
020 _a9789777766203
040 _aEG-CaGPL
_cEG-CaGPL
082 0 4 _221
_a371.1523 \
_bل ت
100 0 _aلمياء محمد ايمن خيرى
245 1 2 _aالتعلم النشط /
_cلمياء محمد ايمن خيرى
250 _aط.1
260 _aالقاهرة :
_c2018 .
300 _a349 ص. ؛
_c24 سم.
650 0 7 _2qrmak
_aالتعلم النشط
650 0 7 _aقباعات التفكير الست
_2qrmak
650 0 7 _aالتعلم التعاونى
_2qrmak
650 0 7 _aالعصف الذهنى
_2qrmak
650 0 7 _aالمسرح التعليمى
_2qrmak
650 0 7 _2الالعاب التعليمية
650 0 7 _2خرائط المفاهيم
651 _2qrmak
942 _2ddc
_cBK